[Event "SVK-chT3A2 2122"]
[Site "Slovakia"]
[Date "2021.10.24"]
[Round "2.5"]
[White "Kanka, Tomas"]
[Black "Hrdlicka, Martin"]
[Result "1/2-1/2"]
[WhiteElo "1730"]
[BlackElo "1656"]
[PlyCount "87"]
[EventDate "2021.10.10"]
[EventType "team-tourn"]
[EventRounds "11"]
[EventCountry "SVK"]
[SourceTitle "EXT 2023"]
[Source "ChessBase"]
[SourceDate "2022.10.05"]
[SourceVersion "1"]
[SourceVersionDate "2022.10.05"]
[SourceQuality "1"]
[WhiteTeam "Gbely Nafta"]
[BlackTeam "Senica CVC"]
[WhiteTeamCountry "SVK"]
[BlackTeamCountry "SVK"]

1. e4 c5 2. d4 cxd4 3. Nf3 Nc6 4. c3 dxc3 5. Nxc3 e6 6. Bc4 a6 7. 0-0 b5 8. Bb3 Bc5 9. Bf4 Qb6 10. Nd5 exd5 11. exd5 Nd4 12. Nxd4 Bxd4 13. d6 Bb7 14. Qh5 g6 15. Rae1+ Kf8 16. Bh6+ Nxh6 17. Qxh6+ Bg7 18. Qf4 f6 19. Re7 Qc6 20. f3 Qc5+ 21. Kh1 Bd5 22. Rc1 Bc4 23. Bxc4 bxc4 24. Rxd7 Re8 25. h3 f5 26. Rc7 Qd4 27. Qg5 Qxd6 28. R7xc4 Kf7 29. Rc6 Qe5 30. R1c5 Qe1+ 31. Kh2 Re7 32. h4 Be5+ 33. f4 Bd4 34. Rxf5+ gxf5 35. Qxf5+ Kg7 36. Qg5+ Kf8 37. Qf5+ Kg8 38. Qg5+ Bg7 39. Qd5+ Kf8 40. Qf5+ Kg8 41. Qd5+ Rf7 42. Rc8+ Bf8 43. Qg5+ Rg7 44. Qd5+ 1/2-1/2

[Event "Skalica Schaeffler op"]
[Site "Skalica"]
[Date "2020.08.27"]
[Round "6"]
[White "Hrdlicka, Martin"]
[Black "Stevik, Patrik"]
[Result "1-0"]
[WhiteElo "1763"]
[BlackElo "1378"]
[PlyCount "55"]
[EventDate "2020.08.23"]
[EventType "swiss"]
[EventRounds "9"]
[EventCountry "SVK"]
[SourceTitle "CBM 198 Extra"]
[Source "ChessBase"]
[SourceDate "2020.11.30"]
[SourceVersion "1"]
[SourceVersionDate "2020.11.30"]
[SourceQuality "1"]

1. e4 b6 2. d4 Bb7 3. Nc3 e6 4. Nf3 Nf6 5. Bd3 d6 6. Qe2 a6 7. Bg5 h6 8. Bh4 g5 9. Bg3 Nh7 10. 0-0-0 Bg7 11. e5 d5 12. h4 g4 13. Nh2 h5 14. f3 f5 15. exf6 Qxf6 16. fxg4 hxg4 17. Nxg4 Qe7 18. Ne5 Nf8 19. Rdf1 Bf6 20. Bg6+ Kd8 21. Nf7+ Kd7 22. Nxh8 Bxh8 23. Rf7 Qxf7 24. Bxf7 Bxd4 25. Rd1 Bc5 26. Qg4 Nc6 27. Nxd5 Nd4 28. Nxc7 1-0

[Event "Skalica Schaeffler op"]
[Site "Skalica"]
[Date "2020.08.24"]
[Round "2"]
[White "Hrdlicka, Martin"]
[Black "Durovka, Marek"]
[Result "1-0"]
[WhiteElo "1763"]
[BlackElo "1574"]
[PlyCount "65"]
[EventDate "2020.08.23"]
[EventType "swiss"]
[EventRounds "9"]
[EventCountry "SVK"]
[SourceTitle "CBM 198 Extra"]
[Source "ChessBase"]
[SourceDate "2020.11.30"]
[SourceVersion "1"]
[SourceVersionDate "2020.11.30"]
[SourceQuality "1"]

1. e4 c5 2. Nf3 e6 3. d4 cxd4 4. Nxd4 Nf6 5. Nc3 Nc6 6. Be3 Bb4 7. Bd3 0-0 8. 0-0 Bxc3 9. bxc3 d5 10. Qf3 Bd7 11. Rab1 b6 12. Bg5 Ne5 13. Qg3 dxe4 14. Bxe4 Nxe4 15. Qxe5 Nxg5 16. Rbd1 Qe7 17. Nf5 Qf6 18. Qxf6 gxf6 19. Ne7+ Kg7 20. Rxd7 Ne4 21. Rfd1 Nxc3 22. R1d3 Nxa2 23. Nc6 Rfc8 24. Nd8 Rxc2 25. Rg3+ Kh6 26. Nxf7+ Kh5 27. h4 Rc3 28. Ne5 Rh8 29. Nf3 b5 30. Rf7 b4 31. Rxf6 Rc5 32. Rg7 Rb5 33. g4# 1-0

[Event "SVK-chT2A 1920"]
[Site "Slovakia"]
[Date "2020.03.07"]
[Round "10.7"]
[White "Jablonicky, Frantisek"]
[Black "Hrdlicka, Martin"]
[Result "1-0"]
[WhiteElo "2022"]
[BlackElo "1805"]
[PlyCount "69"]
[EventDate "2019.10.26"]
[EventType "team-tourn"]
[EventRounds "11"]
[EventCountry "SVK"]
[SourceTitle "CBM 195 Extra"]
[Source "ChessBase"]
[SourceDate "2020.05.31"]
[SourceVersion "1"]
[SourceVersionDate "2020.05.31"]
[SourceQuality "1"]
[WhiteTeam "Trnava Sered"]
[BlackTeam "Osuske II"]
[WhiteTeamCountry "SVK"]
[BlackTeamCountry "SVK"]

1. g3 e5 2. c4 Nf6 3. Bg2 Bc5 4. Nc3 0-0 5. e3 Re8 6. Nge2 Nc6 7. 0-0 d6 8. d4 Bb6 9. h3 Bf5 10. d5 Ne7 11. Na4 c6 12. Nxb6 axb6 13. Nc3 h6 14. e4 Bd7 15. dxc6 Bxc6 16. Be3 Nh7 17. Qb3 Nc8 18. Rad1 Qf6 19. f4 Qg6 20. Kh2 Nf8 21. Qc2 Nd7 22. b4 Nf8 23. b5 Bd7 24. Nd5 Ra3 25. f5 Qh7 26. Bxb6 Nxb6 27. Nxb6 h5 28. Rxd6 Re7 29. Rfd1 Be8 30. Rd8 Qh6 31. Nd5 Rd7 32. Rxe8 Qg5 33. Rd3 Rxd3 34. Qxd3 Rd8 35. h4 1-0

[Event "SVK-ch U18/20"]
[Site "Liptovsky Mikulas"]
[Date "2019.04.28"]
[Round "7"]
[White "Hrdlicka, Martin"]
[Black "Sivcak, Matej"]
[Result "1-0"]
[WhiteElo "1543"]
[BlackElo "1901"]
[PlyCount "63"]
[EventDate "2019.04.23"]
[EventType "swiss"]
[EventRounds "9"]
[EventCountry "SVK"]
[SourceTitle "CBM 190 Extra"]
[Source "ChessBase"]
[SourceDate "2019.07.15"]
[SourceVersion "1"]
[SourceVersionDate "2019.07.15"]
[SourceQuality "1"]

1. e4 Nf6 2. e5 Nd5 3. d4 d6 4. c4 Nb6 5. exd6 cxd6 6. Bd3 g6 7. Be3 Bg7 8. Ne2 Nc6 9. Qd2 e5 10. Bh6 0-0 11. Bxg7 Kxg7 12. d5 Ne7 13. Nbc3 f5 14. f3 Bd7 15. b3 Ng8 16. h3 a5 17. a4 Qf6 18. 0-0-0 Nh6 19. Rdg1 Nf7 20. g4 f4 21. h4 h6 22. g5 hxg5 23. Ne4 Qe7 24. Nxg5 Nxg5 25. Rxg5 Rf6 26. h5 Bf5 27. Bxf5 Rxf5 28. Rxg6+ Kh7 29. Qd3 e4 30. fxe4 Rxh5 31. Rxh5+ Kxg6 32. Nxf4+ 1-0

[Event "SVK-chT4 A21 1819"]
[Site "Slovakia"]
[Date "2019.03.17"]
[Round "11.3"]
[White "Blatnicky, Miroslav"]
[Black "Hrdlicka, Martin"]
[Result "1-0"]
[WhiteElo "2096"]
[BlackElo "1465"]
[PlyCount "65"]
[EventDate "2018.10.14"]
[EventType "team-tourn"]
[EventRounds "11"]
[EventCountry "SVK"]
[SourceTitle "CBM 189 Extra"]
[Source "ChessBase"]
[SourceDate "2019.06.03"]
[SourceVersion "1"]
[SourceVersionDate "2019.06.03"]
[SourceQuality "1"]
[WhiteTeam "Vrbove"]
[BlackTeam "Senica CVC II"]
[WhiteTeamCountry "SVK"]
[BlackTeamCountry "SVK"]

1. d4 d5 2. c4 c6 3. Nc3 Nf6 4. Nf3 e6 5. Bg5 Bd6 6. e3 0-0 7. Rc1 Nbd7 8. cxd5 exd5 9. Bd3 Re8 10. Bb1 Qc7 11. 0-0 a6 12. Qd3 Qb6 13. Qc2 Ne4 14. Nxe4 dxe4 15. Nd2 f5 16. f3 Nf8 17. fxe4 Be7 18. Bxe7 Rxe7 19. Nc4 Qc7 20. exf5 Rf7 21. e4 Qd8 22. Rcd1 Rf6 23. Ne5 Rh6 24. Qc4+ Ne6 25. fxe6 Bxe6 26. Qc1 Qh4 27. Qf4 Qh5 28. d5 cxd5 29. exd5 Rf6 30. Qg3 Rxf1+ 31. Rxf1 Bxd5 32. Ng4 Kh8 33. Qe5 1-0

[Event "SVK-chT4 A21 1819"]
[Site "Slovakia"]
[Date "2019.02.17"]
[Round "9.3"]
[White "Mraz, Jan"]
[Black "Hrdlicka, Martin"]
[Result "0-1"]
[WhiteElo "1678"]
[BlackElo "1465"]
[PlyCount "68"]
[EventDate "2018.10.14"]
[EventType "team-tourn"]
[EventRounds "11"]
[EventCountry "SVK"]
[SourceTitle "CBM 189 Extra"]
[Source "ChessBase"]
[SourceDate "2019.06.03"]
[SourceVersion "1"]
[SourceVersionDate "2019.06.03"]
[SourceQuality "1"]
[WhiteTeam "Gbely Nafta III"]
[BlackTeam "Senica CVC II"]
[WhiteTeamCountry "SVK"]
[BlackTeamCountry "SVK"]

1. d4 d5 2. e3 Nf6 3. Bd3 Bg4 4. Ne2 e6 5. 0-0 c5 6. c3 Nc6 7. f3 Bh5 8. Ng3 Bg6 9. b3 Be7 10. Ba3 b6 11. Bxg6 hxg6 12. Nd2 Bd6 13. f4 cxd4 14. Bxd6 Qxd6 15. exd4 Rc8 16. Rc1 Ne7 17. c4 0-0 18. Rc2 Rfd8 19. Nf3 dxc4 20. bxc4 Qxf4 21. Ne2 Qd6 22. Ne5 Nf5 23. Rf3 Nxd4 24. Rd3 Qxe5 25. Nxd4 Ng4 26. g3 Ne3 27. Re2 Nxd1 28. Rxe5 Nb2 29. Rb3 Nxc4 30. Nf3 Nxe5 31. Nxe5 Rd2 32. Rf3 Rcc2 33. Rxf7 Rg2+ 34. Kh1 Rge2 0-1

[Event "SVK-chT5 SE-SI 1819"]
[Site "Slovakia"]
[Date "2019.02.09"]
[Round "7.2"]
[White "Hrdlicka, Martin"]
[Black "Romanova, Ela"]
[Result "1/2-1/2"]
[WhiteElo "1465"]
[BlackElo "1359"]
[PlyCount "69"]
[EventDate "2018.10.20"]
[EventType "team-tourn"]
[EventRounds "10"]
[EventCountry "SVK"]
[SourceTitle "CBM 189 Extra"]
[Source "ChessBase"]
[SourceDate "2019.06.03"]
[SourceVersion "1"]
[SourceVersionDate "2019.06.03"]
[SourceQuality "1"]
[WhiteTeam "Senica CVC III"]
[BlackTeam "Skalica IV"]
[WhiteTeamCountry "SVK"]
[BlackTeamCountry "SVK"]

1. e4 e5 2. Nf3 Nc6 3. Bb5 a6 4. Ba4 Nf6 5. 0-0 d6 6. Re1 b5 7. Bb3 Na5 8. c3 Nxb3 9. Qxb3 Be7 10. d4 exd4 11. cxd4 0-0 12. Bf4 Re8 13. Nc3 Bb7 14. Rac1 Qc8 15. Ng5 Rf8 16. Nf3 c5 17. dxc5 dxc5 18. Nd5 Nxd5 19. exd5 Bf6 20. Be5 Bxe5 21. Rxe5 Rd8 22. Rce1 c4 23. Qc2 Bxd5 24. Rh5 g6 25. Rh3 Qb7 26. Ng5 Re8 27. Rd1 h5 28. Rxh5 Qe7 29. Kf1 Rad8 30. Rc1 Qf6 31. Nh7 Qe7 32. Rh3 Be6 33. Qc3 Bxh3 34. Nf6+ Kf8 35. Nh7+ 1/2-1/2

[Event "SVK-chT5 SE-SI 1819"]
[Site "Slovakia"]
[Date "2019.01.26"]
[Round "6.2"]
[White "Visvader, Kristof"]
[Black "Hrdlicka, Martin"]
[Result "1/2-1/2"]
[WhiteElo "1367"]
[BlackElo "1465"]
[PlyCount "81"]
[EventDate "2018.10.20"]
[EventType "team-tourn"]
[EventRounds "10"]
[EventCountry "SVK"]
[SourceTitle "CBM 189 Extra"]
[Source "ChessBase"]
[SourceDate "2019.06.03"]
[SourceVersion "1"]
[SourceVersionDate "2019.06.03"]
[SourceQuality "1"]
[WhiteTeam "Borsky Mikulas"]
[BlackTeam "Senica CVC III"]
[WhiteTeamCountry "SVK"]
[BlackTeamCountry "SVK"]

1. e4 e5 2. Nf3 Nc6 3. Bb5 a6 4. Bxc6 dxc6 5. d4 exd4 6. Qxd4 Qxd4 7. Nxd4 Nf6 8. f3 Bc5 9. Be3 Bb6 10. Ke2 Bd7 11. Nd2 Ke7 12. c4 Ba7 13. h3 b5 14. b3 c5 15. Nc2 c6 16. a4 Ne8 17. Ne1 Nd6 18. Nd3 bxc4 19. bxc4 Be6 20. Rhc1 Nb7 21. Rab1 Rhb8 22. g4 g6 23. Bf4 Nd6 24. Bxd6+ Kxd6 25. a5 f6 26. Kd1 Rxb1 27. Rxb1 Rb8 28. Rxb8 Bxb8 29. f4 f5 30. e5+ Ke7 31. g5 Bc7 32. Nxc5 Bxa5 33. Nxe6 Kxe6 34. Kc2 Bb4 35. Nf3 Bc5 36. Kd3 a5 37. Nd4+ Kd7 38. Ne2 a4 39. Kc3 a3 40. Kb3 Ke6 41. Ka2 1/2-1/2

[Event "SVK-chT4 A21 1819"]
[Site "Slovakia"]
[Date "2019.01.06"]
[Round "6.3"]
[White "Hrdlicka, Martin"]
[Black "Musaev, Matej Elbek"]
[Result "0-1"]
[WhiteElo "1465"]
[BlackElo "1747"]
[PlyCount "78"]
[EventDate "2018.10.14"]
[EventType "team-tourn"]
[EventRounds "11"]
[EventCountry "SVK"]
[SourceTitle "CBM 189 Extra"]
[Source "ChessBase"]
[SourceDate "2019.06.03"]
[SourceVersion "1"]
[SourceVersionDate "2019.06.03"]
[SourceQuality "1"]
[WhiteTeam "Senica CVC II"]
[BlackTeam "Piestany Kupele II"]
[WhiteTeamCountry "SVK"]
[BlackTeamCountry "SVK"]

1. e4 c5 2. Nf3 d6 3. d4 cxd4 4. Nxd4 Nf6 5. Nc3 a6 6. Bc4 e6 7. Bb3 b5 8. 0-0 Bb7 9. Re1 Be7 10. f3 0-0 11. Bg5 h6 12. Be3 Re8 13. Qd2 Nbd7 14. Bxe6 fxe6 15. Nxe6 Qc8 16. Bxh6 gxh6 17. Qxh6 Bf8 18. Qg6+ Kh8 19. Ng5 Re7 20. Nf7+ Rxf7 21. Qxf7 Bg7 22. Rad1 b4 23. Nd5 Ne5 24. Qe7 Qc5+ 25. Kh1 Bxd5 26. exd5 Re8 27. Qb7 Rf8 28. Qxa6 Nfg4 29. fxg4 Nxg4 30. Re2 Qd4 31. Rde1 Qf4 32. g3 Qf3+ 33. Rg2 Nf2+ 34. Kg1 Bd4 35. Qc4 Nh3+ 36. Kh1 Bc5 37. Qh4+ Kg8 38. Qh6 Nf2+ 39. Kg1 Ng4+ 0-1

[Event "SVK-chT3A2 1819"]
[Site "Slovakia"]
[Date "2018.12.09"]
[Round "5.1"]
[White "Motycakova, Monika"]
[Black "Hrdlicka, Martin"]
[Result "0-1"]
[WhiteElo "2166"]
[BlackElo "1545"]
[PlyCount "66"]
[EventDate "2018.10.07"]
[EventType "team-tourn"]
[EventRounds "11"]
[EventCountry "SVK"]
[SourceTitle "EXT 2020"]
[Source "ChessBase"]
[SourceDate "2019.10.17"]
[SourceVersion "1"]
[SourceVersionDate "2019.10.17"]
[SourceQuality "1"]
[WhiteTeam "Hlohovec"]
[BlackTeam "Senica CVC"]
[WhiteTeamCountry "SVK"]
[BlackTeamCountry "SVK"]

1. e4 e5 2. Nf3 Nc6 3. Bc4 Bc5 4. d3 Nf6 5. Bg5 d6 6. h3 Be6 7. Bb3 Qd7 8. c3 Bb6 9. Nh4 h6 10. Bxf6 gxf6 11. Qf3 0-0-0 12. Qxf6 d5 13. exd5 Bxd5 14. Bxd5 Qxd5 15. Qf5+ Kb8 16. 0-0 Rhg8 17. Kh2 Rg5 18. Qe4 Qe6 19. Qc4 Qd6 20. Kh1 Rdg8 21. Nd2 Qd7 22. Kh2 f5 23. Ndf3 R5g7 24. Rae1 Qd6 25. Kh1 Qf6 26. b4 f4 27. Qe4 a6 28. Nxe5 Nxe5 29. Qxe5 Qxh4 30. Re4 Rxg2 31. Qf5 R8g4 32. Qxg4 Rxg4 33. Re8+ Ka7 0-1

[Event "SVK-chT5 SE-SI 1819"]
[Site "Slovakia"]
[Date "2018.12.08"]
[Round "4.1"]
[White "Hrdlicka, Martin"]
[Black "Kanka, Tomas"]
[Result "0-1"]
[WhiteElo "1465"]
[BlackElo "1701"]
[PlyCount "56"]
[EventDate "2018.10.20"]
[EventType "team-tourn"]
[EventRounds "10"]
[EventCountry "SVK"]
[SourceTitle "CBM 189 Extra"]
[Source "ChessBase"]
[SourceDate "2019.06.03"]
[SourceVersion "1"]
[SourceVersionDate "2019.06.03"]
[SourceQuality "1"]
[WhiteTeam "Senica CVC III"]
[BlackTeam "Gbely Nafta IV"]
[WhiteTeamCountry "SVK"]
[BlackTeamCountry "SVK"]

1. e4 c5 2. Nf3 Nc6 3. d4 cxd4 4. Nxd4 e5 5. Nf3 Nf6 6. Nbd2 Bc5 7. Bc4 0-0 8. 0-0 a6 9. Qe2 d6 10. h3 h6 11. Rd1 Be6 12. Nb3 Bb6 13. Bd2 Qe7 14. Bc3 Bxc4 15. Qxc4 Rac8 16. Qe2 Rfd8 17. Re1 Nh7 18. Rad1 Qf6 19. Rd3 Nf8 20. Red1 Ng6 21. R3d2 Nf4 22. Qf1 Nxh3+ 23. gxh3 Qxf3 24. Re1 Ne7 25. Rd3 Qf4 26. Qg2 Ng6 27. Rg3 Kh8 28. Bd2 Qf6 0-1

[Event "SVK-chT4 A21 1819"]
[Site "Slovakia"]
[Date "2018.10.14"]
[Round "1.4"]
[White "Lesay, Jozef"]
[Black "Hrdlicka, Martin"]
[Result "0-1"]
[WhiteElo "1000"]
[BlackElo "1465"]
[PlyCount "78"]
[EventDate "2018.10.14"]
[EventType "team-tourn"]
[EventRounds "11"]
[EventCountry "SVK"]
[SourceTitle "CBM 189 Extra"]
[Source "ChessBase"]
[SourceDate "2019.06.03"]
[SourceVersion "1"]
[SourceVersionDate "2019.06.03"]
[SourceQuality "1"]
[WhiteTeam "Piestany Kupele III"]
[BlackTeam "Senica CVC II"]
[WhiteTeamCountry "SVK"]
[BlackTeamCountry "SVK"]

1. e4 e5 2. Nf3 Nc6 3. Bb5 a6 4. Bxc6 dxc6 5. d3 Bd6 6. b3 Nf6 7. Bb2 Qe7 8. 0-0 0-0 9. Nbd2 Bg4 10. Nc4 Rfe8 11. h3 Bxf3 12. Qxf3 b5 13. Ne3 Qe6 14. Qg3 Bf8 15. f4 Nh5 16. Qg4 Nxf4 17. Bxe5 Nxh3+ 18. Qxh3 Qxh3 19. gxh3 Rxe5 20. Rf5 Re6 21. a4 g6 22. Rf3 Bg7 23. Raf1 Rf8 24. Kg2 Re5 25. h4 bxa4 26. bxa4 Ra5 27. Rb1 Rxa4 28. Rb7 Be5 29. Ng4 Bd6 30. Nf6+ Kg7 31. Nd7 Rd8 32. Nb8 Ra2 33. Rf2 Bc5 34. Re2 Rxd3 35. Rxc7 Bd6 36. cxd3 Rxe2+ 37. Kf3 Bxc7 38. Nxa6 Rd2 39. Ke3 Ba5 0-1

[Event "SVK-ch U16"]
[Site "Liptovsky Mikulas"]
[Date "2018.04.23"]
[Round "4"]
[White "Holly, Andrej"]
[Black "Hrdlicka, Martin"]
[Result "1-0"]
[WhiteElo "1942"]
[BlackElo "1519"]
[PlyCount "25"]
[EventDate "2018.04.21"]
[EventType "swiss"]
[EventRounds "9"]
[EventCountry "SVK"]
[SourceTitle "CBM 184 Extra"]
[Source "ChessBase"]
[SourceDate "2018.06.28"]
[SourceVersion "1"]
[SourceVersionDate "2018.06.28"]
[SourceQuality "1"]

1. e4 c5 2. Nf3 Nc6 3. d4 cxd4 4. Nxd4 g6 5. Nc3 Bg7 6. Be3 Nf6 7. Bc4 e6 8. 0-0 Qc7 9. Ndb5 Qb8 10. Bc5 b6 11. Bd6 Qb7 12. Nc7+ Kd8 13. Ba6 1-0

[Event "SVK-chT4 A21 1718"]
[Site "Slovakia"]
[Date "2018.03.18"]
[Round "11.5"]
[White "Ralbovsky, Milan"]
[Black "Hrdlicka, Martin"]
[Result "0-1"]
[WhiteElo "1421"]
[BlackElo "1487"]
[PlyCount "44"]
[EventDate "2017.10.01"]
[EventType "team-tourn"]
[EventRounds "11"]
[EventCountry "SVK"]
[SourceTitle "EXT 2020"]
[Source "ChessBase"]
[SourceDate "2019.10.17"]
[SourceVersion "1"]
[SourceVersionDate "2019.10.17"]
[SourceQuality "1"]
[WhiteTeam "Gbely Nafta III"]
[BlackTeam "Senica CVC II"]
[WhiteTeamCountry "SVK"]
[BlackTeamCountry "SVK"]

1. e4 e5 2. Nc3 Nf6 3. Bc4 Bc5 4. Qf3 d6 5. h3 Nc6 6. Nd5 Be6 7. d3 Nd4 8. Qd1 c6 9. Nxf6+ Qxf6 10. Be3 0-0 11. c3 Bxc4 12. dxc4 Ne6 13. Bxc5 Nxc5 14. f3 Qh4+ 15. Kf1 f5 16. Qxd6 Nxe4 17. Qe6+ Kh8 18. fxe4 fxe4+ 19. Nf3 exf3 20. Qg4 fxg2+ 21. Kg1 Qf2+ 22. Kh2 g1B# 0-1

[Event "SVK-chT4 A21 1718"]
[Site "Slovakia"]
[Date "2018.02.25"]
[Round "10.5"]
[White "Hrdlicka, Martin"]
[Black "Dest, Stanislav"]
[Result "1-0"]
[WhiteElo "1487"]
[BlackElo "1485"]
[PlyCount "57"]
[EventDate "2017.10.01"]
[EventType "team-tourn"]
[EventRounds "11"]
[EventCountry "SVK"]
[SourceTitle "EXT 2020"]
[Source "ChessBase"]
[SourceDate "2019.10.17"]
[SourceVersion "1"]
[SourceVersionDate "2019.10.17"]
[SourceQuality "1"]
[WhiteTeam "Senica CVC II"]
[BlackTeam "Brezova pod Bradlom"]
[WhiteTeamCountry "SVK"]
[BlackTeamCountry "SVK"]

1. e4 e5 2. Nf3 Nc6 3. Bb5 a6 4. Ba4 Nf6 5. 0-0 Be7 6. Re1 b5 7. Bb3 d6 8. c3 Bg4 9. d3 0-0 10. Nbd2 Na5 11. Bc2 c5 12. Nf1 Nc6 13. Ng3 Re8 14. h3 Bd7 15. Be3 Qc7 16. Rc1 Qb7 17. Qd2 Nd8 18. d4 cxd4 19. cxd4 exd4 20. Nxd4 Ne6 21. Ndf5 Rad8 22. Nxe7+ Rxe7 23. Nf5 Ree8 24. Nxd6 Qa8 25. Nxe8 Bxe8 26. Qc3 Rc8 27. Qb3 Bc6 28. Qc3 Bxe4 29. Bxe4 1-0

[Event "SVK-chT5 1718"]
[Site "Slovakia"]
[Date "2018.02.17"]
[Round "7"]
[White "Daniel, Dusan"]
[Black "Hrdlicka, Martin"]
[Result "0-1"]
[WhiteElo "1460"]
[BlackElo "1487"]
[PlyCount "78"]
[EventDate "2017.10.21"]
[EventType "team-tourn"]
[EventRounds "9"]
[EventCountry "SVK"]
[SourceTitle "EXT 2019"]
[Source "ChessBase"]
[SourceDate "2018.10.10"]
[SourceVersion "1"]
[SourceVersionDate "2018.10.10"]
[SourceQuality "1"]
[WhiteTeam "Holic III"]
[BlackTeam "Senica III"]
[WhiteTeamCountry "SVK"]
[BlackTeamCountry "SVK"]

1. e4 e5 2. Nf3 Nc6 3. Bc4 Bc5 4. d3 d6 5. h3 Nf6 6. Bg5 Be6 7. Nc3 Qd7 8. 0-0 0-0-0 9. Nd5 Bxd5 10. Bxd5 h6 11. Be3 g5 12. Nd2 g4 13. hxg4 Nxg4 14. Qf3 f6 15. Qf5 Qxf5 16. exf5 Nxe3 17. fxe3 Bxe3+ 18. Rf2 Bxf2+ 19. Kxf2 Kd7 20. Re1 Nd4 21. c3 Nxf5 22. d4 c6 23. Bf3 Kc7 24. Re4 d5 25. Rg4 Rhg8 26. dxe5 fxe5 27. Nb3 Rxg4 28. Bxg4 Nd6 29. Nc5 Ne4+ 30. Nxe4 dxe4 31. Ke3 Rg8 32. Be6 Rxg2 33. b4 Kd6 34. Bf7 Rg3+ 35. Kxe4 Rxc3 36. Kf5 Rf3+ 37. Kg6 Rxf7 38. Kxf7 e4 39. Kf6 e3 0-1

[Event "SVK-ch U16"]
[Site "Liptovsky Mikulas"]
[Date "2017.04.28"]
[Round "9"]
[White "Hrdlicka, Martin"]
[Black "Drab, Matus"]
[Result "1-0"]
[WhiteElo "1343"]
[BlackElo "1356"]
[PlyCount "55"]
[EventDate "2017.04.22"]
[EventType "swiss"]
[EventRounds "9"]
[EventCountry "SVK"]
[SourceTitle "CBM 178 Extra"]
[Source "ChessBase"]
[SourceDate "2017.06.22"]
[SourceVersion "1"]
[SourceVersionDate "2017.06.22"]
[SourceQuality "1"]

1. e4 e5 2. Nf3 Nc6 3. Bb5 d6 4. d4 Bd7 5. d5 Na5 6. Bxd7+ Qxd7 7. 0-0 Nf6 8. Re1 Be7 9. Nbd2 0-0 10. b4 c6 11. bxa5 cxd5 12. exd5 Nxd5 13. Ne4 Rac8 14. Qxd5 Rxc2 15. Ng3 Rc5 16. Qd2 Bd8 17. Ba3 Bxa5 18. Bb4 Bxb4 19. Qxb4 Rb5 20. Qd2 f6 21. Rab1 Rxb1 22. Rxb1 Qe6 23. Rd1 Rc8 24. Qxd6 Qxa2 25. Qd7 Qc2 26. Nf5 Qxf5 27. Qxf5 Rc6 28. h3 1-0

[Event "SVK-ch U16"]
[Site "Liptovsky Mikulas"]
[Date "2017.04.25"]
[Round "5"]
[White "Hrdlicka, Martin"]
[Black "Lopata, Daniel"]
[Result "1/2-1/2"]
[WhiteElo "1343"]
[BlackElo "1686"]
[PlyCount "56"]
[EventDate "2017.04.22"]
[EventType "swiss"]
[EventRounds "9"]
[EventCountry "SVK"]
[SourceTitle "CBM 178 Extra"]
[Source "ChessBase"]
[SourceDate "2017.06.22"]
[SourceVersion "1"]
[SourceVersionDate "2017.06.22"]
[SourceQuality "1"]

1. e4 d5 2. exd5 Qxd5 3. Nc3 Qd6 4. Nf3 Nf6 5. Bc4 a6 6. d3 b5 7. Bb3 Bb7 8. Bg5 Nbd7 9. d4 e6 10. 0-0 c5 11. a4 c4 12. Ba2 b4 13. Ne2 Bxf3 14. gxf3 Qd5 15. f4 Bd6 16. c3 b3 17. Bb1 h6 18. Bh4 Qh5 19. Bg3 Nb6 20. Re1 0-0 21. Kg2 Rfe8 22. Ng1 Qxd1 23. Rxd1 a5 24. Nf3 Nbd5 25. f5 Bxg3 26. hxg3 exf5 27. Ne5 Rac8 28. Bxf5 Rc7 1/2-1/2